Visual Basic 2010 Programmer's reference (Record no. 25358)

MARC details
000 -LEADER
fixed length control field 00375nam a22001577a 4500
003 - CONTROL NUMBER IDENTIFIER
control field OSt
005 - DATE AND TIME OF LATEST TRANSACTION
control field 20211230155759.0
008 - FIXED-LENGTH DATA ELEMENTS--GENERAL INFORMATION
fixed length control field 211230b |||||||| |||| 00| 0 eng d
020 ## - INTERNATIONAL STANDARD BOOK NUMBER
International Standard Book Number 9788126538003
040 ## - CATALOGING SOURCE
Transcribing agency HU
050 ## - LIBRARY OF CONGRESS CALL NUMBER
Classification number 005.2768
082 ## - DEWEY DECIMAL CLASSIFICATION NUMBER
Classification number 005.2768
100 ## - MAIN ENTRY--PERSONAL NAME
Personal name Stephens Rod
9 (RLIN) 25656
245 ## - TITLE STATEMENT
Title Visual Basic 2010 Programmer's reference
942 ## - ADDED ENTRY ELEMENTS (KOHA)
Source of classification or shelving scheme Dewey Decimal Classification
Koha item type Books like text book referance book
Suppress in OPAC No
Holdings
Withdrawn status Lost status Source of classification or shelving scheme Damaged status Not for loan Home library Current library Shelving location Date acquired Total Checkouts Full call number Barcode Date last seen Price effective from Koha item type
    Dewey Decimal Classification     IoT Library IoT Library General Stacks 12/30/2021   005.2768-STE-2012 IOTL0002326 12/30/2021 12/30/2021 Books like text book referance book
    Dewey Decimal Classification     IoT Library IoT Library General Stacks 12/30/2021   005.2768-STE-2012 IOTL0002327 12/30/2021 12/30/2021 Books like text book referance book
    Dewey Decimal Classification     IoT Library IoT Library General Stacks 12/30/2021   005.2768-STE-2012 IOTL0002328 12/30/2021 12/30/2021 Books like text book referance book
    Dewey Decimal Classification     IoT Library IoT Library General Stacks 12/30/2021   005.2768-STE-2012 IOTL0002329 12/30/2021 12/30/2021 Books like text book referance book
    Dewey Decimal Classification     IoT Library IoT Library General Stacks 12/30/2021   005.2768-STE-2012 IOTL0002330 12/30/2021 12/30/2021 Books like text book referance book
    Dewey Decimal Classification     IoT Library IoT Library General Stacks 12/30/2021   005.2768-STE-2012 IOTL0002331 12/30/2021 12/30/2021 Books like text book referance book
    Dewey Decimal Classification     IoT Library IoT Library General Stacks 12/30/2021   005.2768-STE-2012 IOTL0002332 12/30/2021 12/30/2021 Books like text book referance book
    Dewey Decimal Classification     IoT Library IoT Library General Stacks 12/30/2021   005.2768-STE-2012 IOTL0002333 12/30/2021 12/30/2021 Books like text book referance book